000 07357cam a22019934i 4500
003 PE-LiUPU
005 20250813165850.0
008 130821s2012 ck a rb 000 0 spa d
020 _a9589076645
020 _a9789589076644
035 _a(Sirsi) i9789589076644
040 _aCOUDR
_bspa
_cCOUDR
_dOCLCQ
_dUDANT
_dI8M
_dOCLCF
049 _aPRUA
082 0 4 _a616.036
_bP95
_220
100 1 _aPulgarín Torres, Ángela María,
_eautor.
245 1 0 _aCuidado del paciente en estado crítico /
_cAngela María Pulgarín Torres, Sandra Patricia Osorio Galeano, Luz Estella Varela Londoño.
250 _aPrimera edición.
264 1 _aMedellín :
_bCorporación para Investigaciones Biológicas,
_c2012.
300 _axxvii, 433 páginas :
_bilustraciones ;
_c27 centímetros.
336 _atext
_2rdacontent
337 _aunmediated
_2rdamedia
338 _avolume
_2rdacarrier
490 0 _aFundamentos de Enfermeria
504 _aBibliografía al final de cada capítulo.
504 _aÍndice : páginas 427-430.
505 0 _aLa ética en el cuidado de enfermería, en una unidad de cuidado intensivo -- Afrontamiento familiar como parte del cuidado de enfermería en unidades de cuidado intensivo -- El cuidado de enfermería en la reanimación cardiopulmonar -- Aportes de la monitorización clínica e invasiva al cuidado de enfermería -- Cuidados de enfermería al paciente con soporte ventilatorio -- Cuidado de enfermería al recién nacido prematuro -- Cuidado de enfermería al recién nacido con alteración del patrón respiratorio -- Cuidados de enfermería del recién nacido con hiperbilirrubinemia -- Aportes de la atención centrada en el desarrollo al cuidado de enfermería del recién nacido, en unidad de cuidado intensivo neo natal (UCIN) -- Cuidado de enfermería al niño con cardiopatía congénita -- Cuidados posquirúrgicos de pacientes con cardiopatías congénitas -- Alteración del patrón respiratorio en el paciente pediátrico -- Cuidado de enfermería al niño politraumatizado -- Cuidado de enfermería a la mujer con complicaciones durante la gestación y la reproducción -- Consideraciones de enfermería sobre el paciente con alteraciones neurocríticas -- Atención inicial del paciente adulto poli traumatizado -- Cuidado de enfermería al paciente con insatisfacción en la necesidad de respiración y oxigenación -- Cuidado de enfermería al paciente quemado en estado crítico de salud -- La valoración del adulto mayor como reto en el cuidado crítico -- Cuidado de enfermería al paciente adulto intoxicado en estado crítico -- Cuidado de enfermería en la farmacoterapia del paciente en estado crítico -- Cuidados de enfermería al donante cadavérico -- Cuidado de enfermería durante el transporte interhospitalario del paciente en estado crítico -- El cuidado de enfermería para el paciente con riesgo de síndrome de desuso -- Cuidados que protegen al paciente de la infección asociada al cuidado de la salud. En la unidad de terapia intensiva -- Cuidados de enfermería en la nutrición del paciente en estado crítico.
526 _aP203
526 _aP200
526 _aSEG65
526 _aSEG64
526 _aSEG63
526 _aSEG62
526 _aSEG61
526 _aSEG60
526 _aSEG59
526 _aSEG58
526 _aSEG57
526 _aSEG56
526 _aSEG55
526 _aSEG54
526 _aSEG53
526 _aSEG52
526 _aSEG51
526 _aSEG50
526 _aSEG49
526 _aSEG48
526 _aSEG47
526 _aSEG46
526 _aSEG24
526 _aSEG23
526 _aSEG22
526 _aSEG21
526 _aSEG20
526 _aSEG19
526 _aSEG18
526 _aSEG17
526 _aSEG16
526 _aSEG14
526 _aSEG13
526 _aSEG12
526 _aSEG11
526 _aSEG10
526 _aSEG09
526 _aSEG06
526 _aSEG05
526 _aSEG04
526 _aSEG03
526 _aSEG02
526 _aSEG68
526 _aSEG66
526 _aSEG45
526 _aSEG25
526 _aSEG01
526 _aP163
526 _aP162
526 _aP161
526 _aP160
526 _aP159
526 _aP158
526 _aP157
526 _aP156
526 _aP155
526 _aP154
526 _aP153
526 _aP152
526 _aP151
526 _aP150
526 _aP149
526 _aP142
526 _aP141
526 _aP140
526 _aP139
526 _aP138
526 _aP137
526 _aP132
526 _aP131
526 _aP130
526 _aP126
526 _aP125
526 _aP124
526 _aP123
526 _aP115
526 _aP122
526 _aP121
526 _aP116
526 _a P114
526 _aP112
526 _aP111
526 _aP104
526 _aP103
526 _aP102
526 _aP101
526 _aP100
526 _aP96
526 _aP95
526 _aP93
526 _aP92
526 _aP91
526 _aP88
526 _aP83
526 _aP82
526 _aP79
526 _aP78
526 _aP75
526 _aP74
526 _aP71
526 _aP69
526 _a P51
526 _aP49
526 _aP48
526 _aP47
526 _aP33
526 _aP31
526 _a P30
526 _aP29
526 _aP27
526 _aP26
526 _aP25
526 _aP24
526 _a P22
526 _aP10
526 _aP09
526 _a P08
526 _aP06
526 _aP05
526 _aP04
526 _aP01
541 _g001-000032;
541 _gF002-00000055;
650 4 _aCuidados intensivos (Medicina)
650 7 _aCuidado terminal.
650 7 _aCuidados intensivos (Medicina)
650 7 _aEnfermería.
_93122
650 7 _aMedicina interna.
650 7 _aUnidades de cuidados intensivos.
_91944
700 1 _aOsorio Galeano, Sandra Patricia,
_eautor.
700 1 _aVarela Londoño, Luz Estella,
_eautor.
910 _btqv
_cwelc
_d20170209
910 _adbm
_bjpc
_cjpc
_d20180530
942 _2ddc
_cBOOK
949 _a616.036 P95 2012
_wDEWEY
_c1
_iFJ06635
_lCCODEBUJ1
_mBUJ
_p51.20
_r0
_sY
_tBOOK
_u2017-02-09
_xSALUD
_PP22
_0COMPRA
_o.STAFF. Colección General Juliaca
994 _aC0
_bPEPRU
596 _a1 3
999 _a616.036 P95 2012
_wDEWEY
_c53749
_i65077
_d53749
_e2018-3-18
_f2021-11-4
_g5
_lCCODEBUL1
_mBUL
_n3
_p56.00
_q2
_r0
_sY
_tBOOK
_u2015-7-6
_xSALUD
_zP22
_0COMPRA
_o.STAFF. Colección Ciencias de la Salud
999 _a616.036 P95 2012
_wDEWEY
_c2
_i65078
_d2018-11-28
_e2017-8-7
_f2021-11-4
_g6
_lCCODEBUL1
_mBUL
_n2
_p56.00
_q1
_r0
_sY
_tBOOK
_u2015-7-6
_xSALUD
_zP22
_0COMPRA
_o.STAFF. Colección Ciencias de la Salud
999 _a616.036 P95 2012
_wDEWEY
_c3
_i78459
_f2021-11-4
_g4
_lCCODEBUL1
_mBUL
_p49.00
_r0
_sY
_tBOOK
_u2018-5-30
_xSALUD
_PP22
_0COMPRA
_1FCOMPRA
_o.STAFF. Colección Ciencias de la Salud
999 _a616.036 P95 2012
_wDEWEY
_c1
_iFJ06635
_d2018-10-10
_f2022-1-25
_g4
_lCCODEBUJ1
_mBUJ
_p51.20
_q2
_r0
_sY
_tBOOK
_u2017-2-9
_xSALUD
_zP22
_0COMPRA
_o.STAFF. Colección General Juliaca
980 _81
_gALBERTO SANCHEZ Responsable de Automatización